LEADER 01182aam a2200277 u 4500 001 000000034608 003 CaOOAMICUS 005 20150416110006.0 008 980209s1996 sp u000 u spa u 020 $a8431314524 035 $a10781904 040 $aPUL$bita 245 00$aDerecho Eclesiástico del Estado Español /$cJavier Ferrer Ortiz ... [et al.] ; cuarta edición renovada a cargo del Instituto Martín de Azpilcueta. 250 $a4. ed. 260 $aPamplona :$bEUNSA,$c1996. 300 $a376 p.$c22 cm 504 $aContiene bibliografia. 650 4$aChiesa e stato$zSpagna.$0(OLS)http://pul/subject/1717 650 4$aDiritto ecclesiastico$zSpagna.$0(OLS)http://pul/subject/7860 700 1 $aFerrer Ortiz, Javier.$0(OLS)http://pul/name/26641 850 $aPUL 852 $aPUL$W1$xSL Diritto e Scienze Sociali 3$y79$m342. 460852 ORTJA 1$j47368$nBK-PRI$qDDC 21$B47368$CPULBib$Z2$F47368 $H77265 $82 941 1 $a9 996 $6020$a8431314524$9(OLS)http://pul/number/43503 996 $6245$aDerecho Eclesiástico del Estado Español$9(OLS)http://pul/title/47658 996 $6260$aPamplona :$bEUNSA$9(OLS)http://pul/publisher/49839 LEADER 01352nam a2200265 a 4500 001 000000164549 003 CaOOAMICUS 005 20171123170812.0 008 171123s1986 sp 001 0 spa r 032 $aLibriCat 040 $aPUL$bita 100 1 $aGarcía Zamorano, Ángel.$0(OLS)http://pul/name/105804 245 10$aAutoconciencia de la Iglesia y evangelizaciön-liberadora en América Latina : $bevangelicación y liberación en los documentos de Puebla / $cAngel García-Zamorano . 260 $aSalamanca :$b[s.n.],$c1986. 300 $a85 p. ;$c24 cm. 502 $aEstratto di Tesi.--Universidad Pontificia de Salamanca. Facultad de Teologia. 1986. 504 $aBibliografia in nota. 651 4$aAmerica Latina$xEvangelizzazione.$0(OLS)http://pul/subject/29192 710 2 $aUniversidad Pontificia de Salamanca.$bFacultad de Teologia.$kTesi.$0(OLS)http://pul/name/24951 850 $aPUL 852 $aPUL$W1$xDP1 Tesi Univ. Salamanca$y45$mTH UPSA 297$j188684$qTesi$B191853$CPULBib$Z2$F191853 $H59065 $82 941 1 $a16 996 $6245$aAutoconciencia de la Iglesia y evangelizaciön-liberadora en América Latina : $bevangelicación y liberación en los documentos de Puebla / $9(OLS)http://pul/title/204220 996 $6260$aSalamanca :$b[s.n.]$9(OLS)http://pul/publisher/53020